000 00298nam a22001337a 4500
008 181217b xxu||||| |||| 00| 0 eng d
020 _a081515206
041 _aeng
080 _a616.5
100 _a7
101 _aDER
245 _aLife Threatening Dermatoses
_cKrusinski, P.A
942 _2udc
_cBK
999 _c53309
_d53309